000 00828cam a22001934a 4500
005 20250605164135.0
008 250528s ||||||||||||||||||||||||d
035 _a18745
020 _a853451664
040 _aGR-AtMCL
_bgre
_dGR-AtMCL
_eAACR2
245 1 _aMarxist Economic Theory / Volume One
260 _bThe Merlin Press,
_c1971
300 _a384
520 _aThe best introduction to date to the economic theory of Marx. Introduction, Labor and Necessary Product and Surplus Product, Exchange and Commodity and Value, Money and Capital and Surplus-Value, The Development of Capital, The Contradictions of Capitalism, Trade, Credit, Money, Agriculture, Reproduction and Growth of the National Income, Periodical Crises.
700 1 _aMandel Ernest
_94999
942 _cBK
999 _c4063
_d4063